Guess the Liam Payne song with no hints #3 - Statistics

General Stats
  • This quiz has been taken 6 times
  • The average score is 356 of 388
Answer Stats
Answer % Correct
a
100%
about
100%
All
100%
(All
100%
all
100%
and
100%
at
100%
back
100%
Because
100%
but
100%
can
100%
can't
100%
could
100%
do
100%
em
100%
for?
100%
forget
100%
gave
100%
get
100%
got
100%
hold
100%
How
100%
I
100%
inside
100%
it
100%
it's
100%
Just
100%
just
100%
know
100%
know,
100%
light
100%
love
100%
me
100%
mind
100%
my
100%
not
100%
of
100%
on?
100%
on
100%
say
100%
see
100%
so
100%
someone?
100%
someone
100%
still
100%
tell
100%
that
100%
the
100%
them?
100%
them,
100%
then
100%
to
100%
under
100%
us
100%
us,
100%
wanna
100%
was
100%
we
100%
were
100%
what
100%
when
100%
When
100%
who
100%
Why
100%
will
100%
Wish
100%
you
100%
You
100%
your
100%
you're
100%
both
75%
easy
75%
end
75%
(Everything,
75%
feelings
75%
floor
75%
hate
75%
makes
75%
Maybe
75%
mine
75%
much
75%
oh)
75%
Oh-oh-oh
75%
press
75%
put
75%
remember?
75%
remember
75%
replace
75%
reset,
75%
stuck
75%
they're
75%
Think
75%
think
75%
those
75%
tunnel
75%
well
75%
Well,
75%
won't,
75%
changes?
50%
chills?
50%
dancing
50%
Everything's
50%
lights
50%
living
50%
misplaced
50%
nights,
50%
playing
50%
reminder
50%
room
50%
strangers
50%
sudden
50%
Thinkin'
50%
times)
50%
top
50%
wasted?
50%
feet
25%
hometown
25%
mmm
25%
No matching quizzes found
Score Distribution
Percent of People with Each Score
Percentile by Number Answered
Your Score History
You have not taken this quiz